000 00682cam a2200205 a 4500
001 000002604
005 20200929150224.0
008 790619s1978 ve cf f000 p spa
010 _a78112872
040 _aDO-SdBNP
_cDLC
_dDLC
082 _aV861.4
_bR928o
100 1 _aRugeles, Manuel Felipe,
_d1904-1959.
_98207
245 1 0 _aObra poética /
_cManuel Felipe Rugeles, Juan Manuel González.
260 _aCaracas :
_bPresidencia de la República,
_c1978.
300 _axxiii, 518 p. :
_bil. ;
_c23 cm.
650 4 _aPoesía venezolana
_94230
650 4 _aLiteratura venezolana
_93816
600 1 4 _aRUGELES, MANUEL FELIPE,
_d1904-1959
_98208
910 _aCatalogación por copia / LC
999 _c2440
_d2440